Central Library OPAC University of Rajshahi

مدے کے خواص ;; made ke khwas / (Record no. 86503)

MARC details
000 -LEADER
fixed length control field 00620nam a2200217 4500
001 - CONTROL NUMBER
control field 86503
003 - CONTROL NUMBER IDENTIFIER
rucl marc code BD-RjUL
005 - DATE AND TIME OF LATEST TRANSACTION
control field 20260518121854.0
008 - FIXED-LENGTH DATA ELEMENTS--GENERAL INFORMATION
fixed length control field 260518s1967 pk ||||| |||| 00| 0 urd d
035 ## - SYSTEM CONTROL NUMBER
System control number (BD-RjUL) 86503
040 ## - CATALOGING SOURCE
Original cataloging agency BD-RjUL
Language of cataloging eng
Transcribing agency BD-RjUL
041 ## - LANGUAGE CODE
Language code of text/sound track or separate title urd
082 ## - DEWEY DECIMAL CLASSIFICATION NUMBER
Edition number 23
Classification number 530.1
Author mark and year ASM 1967
100 ## - MAIN ENTRY--PERSONAL NAME
Personal name عسکری، حمید ;; Askari, Hamid
9 (RLIN) 18513
245 ## - TITLE STATEMENT
Title مدے کے خواص ;; made ke khwas /
Statement of responsibility, etc. حمید عسکری ;; Hamid Askari
260 ## - PUBLICATION, DISTRIBUTION, ETC. (IMPRINT)
Place of publication, distribution, etc. Lahor :
Name of publisher, distributor, etc. Makaji urdu,
Date of publication, distribution, etc. 1967
300 ## - PHYSICAL DESCRIPTION
Pagination V. ;
505 ## - FORMATTED CONTENTS NOTE
Formatted contents note Vol. ; 2.--
650 ## - SUBJECT ADDED ENTRY--TOPICAL TERM
Topical term or geographic name as entry element Properties of matter
9 (RLIN) 18514
942 ## - ADDED ENTRY ELEMENTS (KOHA)
Source of classification or shelving scheme Dewey Decimal Classification
Koha item type Books
Holdings
Lost status Source of classification or shelving scheme Damaged status Not for loan Collection code Permanent Location Current Location Shelving location Date acquired Source of acquisition Cost, normal purchase price Total Checkouts Full call number Date last seen Copy number Koha item type
  Dewey Decimal Classification   Not For Loan Non-fiction Central Library, University of Rajshahi Central Library, University of Rajshahi Reading Room 16/03/1968 Firoz & sons 1.50   U 530.1 ASM 1967 18/05/2026 C-1 Books